Library of the University of Algiers 3
Ibrahim Sultan Cheibout
شعار جامعة الجزائر 3
مكتبة جامعة الجزائر 3
إبراهيم سلطان شيبوط

إتفاقية المشاركة المصرية الأوربية بين النظرية و التطبيق / (رقم التسجيلة. 44304)

تفاصيل مارك
000 -LEADER
fixed length control field 01038nam a2200217Ia 4500
003 - CONTROL NUMBER IDENTIFIER
control field Ost
005 - DATE AND TIME OF LATEST TRANSACTION
control field 20260507075406.0
008 - FIXED-LENGTH DATA ELEMENTS--GENERAL INFORMATION
fixed length control field 260507s9999||||xx |||||||||||||| ||und||
040 ## - CATALOGING SOURCE
Transcribing agency fsecg
041 ## - LANGUAGE CODE
Language code of text/sound track or separate title ara
082 ## - DEWEY DECIMAL CLASSIFICATION NUMBER
Classification number 330
100 ## - MAIN ENTRY--PERSONAL NAME
Personal name سالم، زينب جابر
Relator term مؤلف
245 #0 - TITLE STATEMENT
Title إتفاقية المشاركة المصرية الأوربية بين النظرية و التطبيق /
Statement of responsibility, etc. زينب جابر سالم
260 ## - PUBLICATION, DISTRIBUTION, ETC.
Place of publication, distribution, etc. الإسكندرية:
Name of publisher, distributor, etc. دار الوفاء لدنيا,
Date of publication, distribution, etc. 2007
300 ## - PHYSICAL DESCRIPTION
Extent 319 صفحة؛
Other physical details إيضاحات ؛
Dimensions 29 سم
520 ## - SUMMARY, ETC.
Summary, etc. يضم تعريف بالإتفاقية ونبذة تاريخية عنها، أهداف الإتفاقية، السلع الصناعية، السلع الزراعية ، السلع الزراعية المصنعة والسميكة قواعد المنشأ، مزايا الإتفاقية
653 ## - INDEX TERM--UNCONTROLLED
Uncontrolled term اتفاقيات
653 ## - INDEX TERM--UNCONTROLLED
Uncontrolled term الإتفاقيات التجارية
653 ## - INDEX TERM--UNCONTROLLED
Uncontrolled term مصر- الإتفاقيات التجارية
942 ## - ADDED ENTRY ELEMENTS (KOHA)
Koha item type كتب
المقتنيات
Withdrawn status Lost status Source of classification or shelving scheme Damaged status Not for loan Home library Current library Date acquired Serial enumeration / chronology Inventory number Total checkouts Full call number Barcode Date last seen Price effective from Koha item type
    Dewey Decimal Classification   NOT LOAN / إعارة داخلية مكتبة كلية العلوم الإقتصادية والعلوم التجارية وعلوم التسيير مكتبة كلية العلوم الإقتصادية والعلوم التجارية وعلوم التسيير 07/05/2026 الطابق الأرضي 26541   أ/4370ن1 26541 07/05/2026 07/05/2026 كتب
    Dewey Decimal Classification   Available مكتبة كلية العلوم الإقتصادية والعلوم التجارية وعلوم التسيير مكتبة كلية العلوم الإقتصادية والعلوم التجارية وعلوم التسيير 07/05/2026 الطابق الأرضي 26542   أ/4370ن2 26542 07/05/2026 07/05/2026 كتب
    Dewey Decimal Classification   Available مكتبة كلية العلوم الإقتصادية والعلوم التجارية وعلوم التسيير مكتبة كلية العلوم الإقتصادية والعلوم التجارية وعلوم التسيير 07/05/2026 الطابق الثاني 26543   أ/4370ن3 26543 07/05/2026 07/05/2026 كتب

موارد الويب المفتوحة


© University of Algiers 3 All Rights Reserved
|
Implemented by LECHELAH Riad